Vplyv zabudovaných stabilizátorov na cyklické výkyvy ekonomiky SR
Metodológia odhadu efektov poistenia v nezamestnanosti. Metodológia pre odhad stabilizačných efektov daňového systému. Stabilizačné efekty. Efekty progresivity. Empirická analýza - vplyvy poistenia nezamestnanosti na cyklické výkyvy ekonomiky.
Uložené v:
| Hlavný autor: | |
|---|---|
| Ďalší autori: | , |
| Médium: | Kapitola |
| Jazyk: | Slovak |
| Predmet: | |
| Tagy: |
Žiadne tagy, Buďte prvý, kto otaguje tento záznam!
|
MARC
| LEADER | 00000nla$a2200000$$$4500 | ||
|---|---|---|---|
| 001 | 0113705 | ||
| 005 | 20240502072250.3 | ||
| 041 | 0 | |a slo | |
| 044 | |a SK | ||
| 245 | 1 | 0 | |a Vplyv zabudovaných stabilizátorov na cyklické výkyvy ekonomiky SR |c Pavol Ochotnický, Andrea Čambalová, Marek Káčer |
| 520 | |a Metodológia odhadu efektov poistenia v nezamestnanosti. Metodológia pre odhad stabilizačných efektov daňového systému. Stabilizačné efekty. Efekty progresivity. Empirická analýza - vplyvy poistenia nezamestnanosti na cyklické výkyvy ekonomiky. | ||
| 610 | 2 | 0 | |a poistenie v nezamestnanosti |
| 610 | 2 | 0 | |a metodológia |
| 610 | 2 | 0 | |a systémy daňové |
| 610 | 2 | 0 | |a cykly hospodárske |
| 100 | 1 | |a Ochotnický, Pavol | |
| 700 | 1 | |a Čambalová, Andrea | |
| 700 | 1 | |a Káčer, Marek, 1976- | |